| 000 | 00914nam a22001577a 4500 | ||
|---|---|---|---|
| 003 | OSt | ||
| 005 | 20151006134856.0 | ||
| 008 | 151006b xxu||||| |||| 00| 0 eng d | ||
| 040 | _cRUA | ||
| 082 | _aAVM HUN 2005 B075 Or.1 | ||
| 100 |
_92158 _aHUN PISEY |
||
| 245 | _aStudy on family chiken raising demonstration in integrated ruraldevelopment project of lutheran world federation organization in oral district, kompong speu province, (ការសិក្សាពីការចិញ្ចឹមមាន់បង្ហាញជាលក្ខណះគ្រួសារ នៅគំរោងអភិវឌ្ឍន៍ជនបទចំរុះរបស់ អង្គការលូថេរ៉ានបំរើពិភពលោក ស្រុកឱរ៉ាល់ ខេត្តកំពង់ស្ពឺ) | ||
| 260 |
_aphnom penh _brua _c2005 |
||
| 300 |
_aix, 49p. _bill. _c29cm. |
||
| 942 |
_2ddc _cAVM |
||
| 999 |
_c2029 _d2029 |
||